00530nam a2200169Ia 4500003000900000008004100009020002200050040001600072080002200088100001900110245009200129260002800221300001400249650003400263650003400297650002900331IN-BaIIA211028s9999 xx 000 0 eng d a978-0-7506-7161-3 cIIA Library a621.391(035)bCAR aCarr, Joseph J 0aPractical radio frequency test and measurementba technician's handbookcJoseph J. Carr aAmsterdambNewnesc2009 aix, 348p. aMeasuring frequency-Handbooks aMeasuring inductors-Handbooks aRado frequency-Handbooks